[Event "HD Bank Cup"]
[Site "Ho Chi Minh City VIE"]
[Date "2012.03.06"]
[Round "7.19"]
[White "Yang, Kaiqi"]
[Black "Bao Khoa"]
[Result "0-1"]
[WhiteElo "2360"]
[BlackElo "2221"]
[PlyCount "70"]
[EventDate "2012.03.02"]
[EventType "swiss"]
[EventRounds "9"]
[EventCountry "VIE"]
[Source "Mark Crowther"]
[SourceDate "2012.03.12"]

1. d4 Nf6 2. c4 e6 3. Nc3 Bb4 4. a3 Bxc3+ 5. bxc3 b6 6. f3 O-O 7. e4 d6 8. Bd3
e5 9. Ne2 Nc6 10. O-O h6 11. f4 Qe7 12. fxe5 dxe5 13. a4 Na5 14. Ng3 Rd8 15.
Qf3 Nb3 16. Ba3 c5 17. Ra2 Bg4 18. Qf2 exd4 19. Bc2 Na5 20. cxd4 Nxc4 21. e5
Nd5 22. h3 Be6 23. Ne4 Nde3 24. Nf6+ Kh8 25. Bc1 cxd4 26. Qf4 d3 27. Bxd3 Qc5
28. Raf2 Qxe5 29. Qxe5 Nxe5 30. Be4 Nxf1 31. Bxa8 Ng3 32. Ne4 Rd1+ 33. Kh2 Nxe4
34. Bxe4 Rxc1 35. Rd2 g6 0-1

[Event "HD Bank Cup"]
[Site "Ho Chi Minh City VIE"]
[Date "2012.03.06"]
[Round "8.26"]
[White "Tran Thanh Tu"]
[Black "Yang, Kaiqi"]
[Result "1/2-1/2"]
[WhiteElo "2300"]
[BlackElo "2360"]
[PlyCount "167"]
[EventDate "2012.03.02"]
[EventType "swiss"]
[EventRounds "9"]
[EventCountry "VIE"]
[Source "Mark Crowther"]
[SourceDate "2012.03.12"]

1. Nf3 Nf6 2. d4 g6 3. Bf4 Bg7 4. e3 O-O 5. Be2 d6 6. h3 Nbd7 7. c3 b6 8. O-O
Bb7 9. a4 a5 10. Na3 Re8 11. Bh2 e5 12. dxe5 dxe5 13. Nb5 Bd5 14. Nd2 Nc5 15.
Nc4 Nfe4 16. Qc2 c6 17. Nba3 Qg5 18. Nxb6 Bb3 19. Qc1 Rad8 20. Nac4 Bxc4 21.
Nxc4 Nb3 22. Qc2 Nxa1 23. Qxe4 Nb3 24. Qxc6 Qe7 25. Re1 Qa7 26. Rd1 Qc5 27.
Qxc5 Nxc5 28. Ra1 Nb3 29. Re1 Rd5 30. e4 Rd7 31. f3 Kf8 32. Bg3 f6 33. Bf2 Bh6
34. Nb6 Rd2 35. Nc4 Rdd8 36. Bb6 Rb8 37. Bd1 Nd2 38. Bc5+ Kg7 39. Nd6 Red8 40.
b4 Rd7 41. Be2 Nb3 42. Bb5 Nxc5 43. bxc5 Rc7 44. c6 Bd2 45. Rd1 Bxc3 46. Nc4
Kf7 47. Kf1 Ke7 48. Ne3 Bd4 49. Nd5+ Kd6 50. Nxf6 Rxc6 51. Bxc6 Kxc6 52. Rc1+
Kd6 53. Rc2 Rb1+ 54. Ke2 Ra1 55. Nxh7 Rxa4 56. Nf6 Ra1 57. Nd5 a4 58. Nb4 Rb1
59. Na2 a3 60. Kd3 Ke6 61. f4 Rd1+ 62. Ke2 Rg1 63. Kd3 Bb2 64. fxe5 Kxe5 65.
Re2 Rd1+ 66. Kc2 Rg1 67. Nb4 Rc1+ 68. Kb3 Rc3+ 69. Ka2 g5 70. Nc2 Rg3 71. Ne3
Bc1 72. Nc2 Rc3 73. Kb1 Bb2 74. Ka2 Rd3 75. Ne1 Rd7 76. Nf3+ Kf4 77. e5 Re7 78.
e6 g4 79. hxg4 Kxg4 80. Nd2 Kf5 81. Nc4 Rxe6 82. Rxe6 Kxe6 83. Nxb2 axb2 84.
Kxb2 1/2-1/2

[Event "HD Bank Cup"]
[Site "Ho Chi Minh City VIE"]
[Date "2012.03.07"]
[Round "9.23"]
[White "Yang, Kaiqi"]
[Black "Pham Chuong"]
[Result "0-1"]
[WhiteElo "2360"]
[BlackElo "2398"]
[PlyCount "116"]
[EventDate "2012.03.02"]
[EventType "swiss"]
[EventRounds "9"]
[EventCountry "VIE"]
[Source "Mark Crowther"]
[SourceDate "2012.03.12"]

1. d4 d5 2. c4 e6 3. Nf3 Nf6 4. Nc3 Be7 5. Bg5 O-O 6. e3 b6 7. Qb3 Bb7 8. Bxf6
Bxf6 9. cxd5 exd5 10. Rd1 c6 11. Be2 Re8 12. O-O Nd7 13. Rd2 Nf8 14. Rc1 Qd6
15. Qd1 Rad8 16. Qa4 Qb8 17. b4 Ng6 18. Qb3 b5 19. Bd3 Bc8 20. Bxg6 hxg6 21.
Ne2 Rd6 22. Nf4 Bg4 23. Rdc2 g5 24. Nd3 Bxf3 25. gxf3 Qc8 26. Rc3 Qh3 27. Rxc6
Rxc6 28. Rxc6 Qxf3 29. Qc2 g6 30. Ne1 Qg4+ 31. Kf1 Kg7 32. Qe2 Qh3+ 33. Kg1 Re4
34. f3 Re8 35. Nc2 Qd7 36. Rc5 a6 37. Qg2 Be7 38. Rc3 Rh8 39. Qg4 Qd8 40. Rc6
Bd6 41. e4 dxe4 42. fxe4 Bxh2+ 43. Kg2 Bf4 44. d5 Rh2+ 45. Kf3 Bd6 46. e5 Bxe5
47. Ne3 Qe7 48. Qe4 Rh3+ 49. Ke2 f5 50. Rxg6+ Kxg6 51. Qxf5+ Kg7 52. Qxh3 Bf4
53. d6 Qxe3+ 54. Qxe3 Bxe3 55. Kxe3 Kf6 56. Kd4 Ke6 57. Kc5 Kd7 58. Kb6 g4 0-1

[Event "Qinhuangdao op"]
[Site "Qinhuangdao CHN"]
[Date "2011.10.02"]
[Round "3"]
[White "Li Bo"]
[Black "Yang, Kaiqi"]
[Result "0-1"]
[WhiteElo "2308"]
[BlackElo "2417"]
[PlyCount "84"]
[EventDate "2011.10.01"]
[EventType "swiss"]
[EventRounds "9"]
[EventCountry "CHN"]

1. Nf3 Nf6 2. g3 c5 3. Bg2 g6 4. O-O Bg7 5. c4 Nc6 6. Nc3 O-O 7. d4 cxd4 8.
Nxd4 Nxd4 9. Qxd4 d6 10. Qh4 Be6 11. Nd5 Rc8 12. Bh6 Bxd5 13. cxd5 Bxh6 14.
Qxh6 Rc2 15. Qe3 Qb6 16. Qxb6 axb6 17. Bf3 Rfc8 18. b4 R8c4 19. Rfb1 g5 20. h3
h5 21. a4 g4 22. hxg4 hxg4 23. Bg2 Rd4 24. a5 b5 25. e3 Rdd2 26. Rf1 Kg7 27.
Rad1 Re2 28. Rde1 Rxe1 29. Rxe1 Nd7 30. Rd1 Ne5 31. Bf1 Rb2 32. Bxb5 Rxb4 33.
Be2 f5 34. Rc1 Rb2 35. Kf1 Kf6 36. Rc8 Nf3 37. Rc1 Ra2 38. Bxf3 gxf3 39. Kg1
Rxa5 40. Rd1 Ke5 41. Rc1 Kf6 42. Rd1 Ke5 0-1

[Event "Qinhuangdao op"]
[Site "Qinhuangdao CHN"]
[Date "2011.10.03"]
[Round "4"]
[White "Yang, Kaiqi"]
[Black "Liu, Qingnan"]
[Result "0-1"]
[WhiteElo "2417"]
[BlackElo "2430"]
[PlyCount "54"]
[EventDate "2011.10.01"]
[EventType "swiss"]
[EventRounds "9"]
[EventCountry "CHN"]

1. e4 d6 2. d4 g6 3. Nc3 Bg7 4. f4 a6 5. Nf3 b5 6. Bd3 Bb7 7. O-O Nd7 8. e5 e6
9. Be3 Ne7 10. Bf2 O-O 11. Bh4 dxe5 12. fxe5 f6 13. Qe2 fxe5 14. Be4 c6 15.
dxe5 Nxe5 16. Rad1 Qc7 17. Ng5 Rxf1+ 18. Rxf1 Qd7 19. Bg3 Re8 20. Kh1 Nf5 21.
Bxe5 Bxe5 22. g4 Bf6 23. gxf5 exf5 24. Qg2 Bxg5 25. Bxf5 Qe7 26. Ne4 c5 27. h4
gxf5 0-1

[Event "Qinhuangdao op"]
[Site "Qinhuangdao CHN"]
[Date "2011.10.04"]
[Round "5"]
[White "Wang Jue"]
[Black "Yang, Kaiqi"]
[Result "0-1"]
[WhiteElo "2312"]
[BlackElo "2417"]
[PlyCount "83"]
[EventDate "2011.10.01"]
[EventType "swiss"]
[EventRounds "9"]
[EventCountry "CHN"]

1. d4 Nf6 2. c4 g6 3. Nf3 Bg7 4. Nc3 d5 5. cxd5 Nxd5 6. e4 Nxc3 7. bxc3 c5 8.
Be3 Qa5 9. Qd2 Nc6 10. Rc1 cxd4 11. cxd4 Qxd2+ 12. Kxd2 O-O 13. d5 Rd8 14. Ke1
Na5 15. Bg5 Bd7 16. Bd3 f5 17. e5 Be8 18. d6 Rdc8 19. Kd2 exd6 20. exd6 Bf8 21.
Be7 Bxe7 22. dxe7 b5 23. Ne5 Kg7 24. f4 a6 25. Rc3 Rxc3 26. Kxc3 Ra7 27. Kb4
Nb7 28. Rc1 a5+ 29. Kb3 Nd6 30. Rc5 Kf6 31. Nf3 Kg7 32. Ne5 Kf6 33. Nf3 Rxe7
34. Ne5 Ke6 35. a3 Nb7 36. Rc8 Kd5 37. Kc3 Nd6 38. Ra8 Rc7+ 39. Kb3 Kd4 40. Rd8
Kc5 41. Ra8 a4+ 42. Kc3 0-1

[Event "Qinhuangdao op"]
[Site "Qinhuangdao CHN"]
[Date "2011.10.04"]
[Round "6"]
[White "Arutinian, David"]
[Black "Yang, Kaiqi"]
[Result "0-1"]
[WhiteElo "2577"]
[BlackElo "2417"]
[PlyCount "74"]
[EventDate "2011.10.01"]
[EventType "swiss"]
[EventRounds "9"]
[EventCountry "CHN"]

1. d4 Nf6 2. c4 e6 3. Nf3 b6 4. Nc3 Bb4 5. Bg5 Bb7 6. Qc2 h6 7. Bh4 g5 8. Bg3
Ne4 9. e3 Bxc3+ 10. bxc3 d6 11. Bd3 Nxg3 12. fxg3 Nd7 13. Be4 Bxe4 14. Qxe4 Nf6
15. Qc6+ Ke7 16. Nd2 g4 17. Qa4 h5 18. O-O-O Qe8 19. Qxe8+ Raxe8 20. h4 gxh3
21. gxh3 Reg8 22. Rhg1 Rh7 23. Rdf1 Rhg7 24. Rg2 Nh7 25. Rgf2 f6 26. g4 hxg4
27. hxg4 Rxg4 28. Rh2 R8g7 29. Kc2 Rg2 30. Rxg2 Rxg2 31. Rh1 Ng5 32. Kd3 f5 33.
Rf1 Nh3 34. e4 f4 35. e5 Nf2+ 36. Ke2 Ne4+ 37. Kf3 Nxd2+ 0-1

[Event "Qinhuangdao op"]
[Site "Qinhuangdao CHN"]
[Date "2011.10.05"]
[Round "7"]
[White "Yang, Kaiqi"]
[Black "Lu, Shanglei"]
[Result "1/2-1/2"]
[WhiteElo "2417"]
[BlackElo "2517"]
[PlyCount "83"]
[EventDate "2011.10.01"]
[EventType "swiss"]
[EventRounds "9"]
[EventCountry "CHN"]

1. e4 c5 2. Nf3 d6 3. d4 cxd4 4. Nxd4 Nf6 5. Nc3 g6 6. Be3 Bg7 7. f3 Nc6 8. Qd2
O-O 9. O-O-O d5 10. exd5 Nxd5 11. Nxc6 bxc6 12. Nxd5 cxd5 13. Qxd5 Qc7 14. Qc5
Qb7 15. b3 Bf5 16. Bd3 Rac8 17. Qa5 Rc3 18. Bxf5 Rxe3 19. Be4 Qb8 20. g3 Qc8
21. c4 Qe6 22. Rd8 Qf6 23. Rxf8+ Bxf8 24. Kb1 Re2 25. Bc2 h5 26. Qd8 Qxf3 27.
Rc1 Rxh2 28. Qb8 Qc3 29. g4 e5 30. gxh5 Kg7 31. Qxa7 Qd4 32. Qxd4 exd4 33. hxg6
fxg6 34. Rg1 Ba3 35. Rxg6+ Kf7 36. Rg1 Ke6 37. Rd1 Ke5 38. Rd3 Rh1+ 39. Rd1 Rh2
40. Rd3 Rh1+ 41. Rd1 Rh2 42. Rd3 1/2-1/2

[Event "Qinhuangdao op"]
[Site "Qinhuangdao CHN"]
[Date "2011.10.06"]
[Round "8"]
[White "Gundavaa, Bayarsaihan"]
[Black "Yang, Kaiqi"]
[Result "1-0"]
[WhiteElo "2467"]
[BlackElo "2417"]
[PlyCount "99"]
[EventDate "2011.10.01"]
[EventType "swiss"]
[EventRounds "9"]
[EventCountry "CHN"]

1. d4 Nf6 2. c4 e6 3. g3 Bb4+ 4. Bd2 Bxd2+ 5. Qxd2 d5 6. Bg2 c6 7. Nf3 Nbd7 8.
Qc2 O-O 9. Nbd2 b6 10. e4 Ba6 11. e5 Ne8 12. O-O Rc8 13. Rfd1 Qe7 14. Rac1 Nc7
15. c5 Be2 16. Re1 Bxf3 17. Nxf3 Rb8 18. b4 h6 19. Re3 a5 20. bxa5 bxc5 21.
dxc5 Rb4 22. Qd2 Rc4 23. Rxc4 dxc4 24. Qd6 Qxd6 25. cxd6 Nd5 26. Re1 Ra8 27.
Nd4 Rxa5 28. Nxc6 Rxa2 29. Bxd5 exd5 30. f4 c3 31. Rc1 c2 32. Nb4 Ra4 33. Nxd5
Rc4 34. Ne3 Rc3 35. Kf2 f6 36. e6 Nc5 37. Rxc2 Rxc2+ 38. Nxc2 Nxe6 39. Ke3 Kf7
40. Ke4 Ke8 41. Nd4 Kd7 42. Nb5 g5 43. Kf5 gxf4 44. gxf4 Nc5 45. Kxf6 Kc6 46.
Ke7 Kxb5 47. d7 Nb7 48. f5 Kc6 49. f6 Kc7 50. f7 1-0

[Event "Qinhuangdao op"]
[Site "Qinhuangdao CHN"]
[Date "2011.10.07"]
[Round "9"]
[White "Yang, Kaiqi"]
[Black "Sandipan, Chanda"]
[Result "0-1"]
[WhiteElo "2417"]
[BlackElo "2640"]
[PlyCount "96"]
[EventDate "2011.10.01"]
[EventType "swiss"]
[EventRounds "9"]
[EventCountry "CHN"]

1. e4 c5 2. Nf3 d6 3. d4 cxd4 4. Nxd4 Nf6 5. Nc3 a6 6. Bg5 e6 7. f4 Nbd7 8. Qf3
Qc7 9. O-O-O b5 10. Bxb5 axb5 11. Ndxb5 Qb8 12. e5 Bb7 13. Qe2 dxe5 14. Qc4 Be7
15. Nc7+ Kf8 16. Rxd7 Nxd7 17. Rd1 Bxg5 18. fxg5 Bd5 19. N3xd5 Ra7 20. Nb5 exd5
21. Qxd5 Ke7 22. Nxa7 Qxa7 23. Qd6+ Ke8 24. b4 h6 25. g6 Rf8 26. b5 fxg6 27. b6
Qb7 28. Qxg6+ Rf7 29. Rd6 Kf8 30. a4 Rf1+ 31. Kb2 Rf6 32. Rxf6+ Nxf6 33. a5 Qd5
34. Qd3 Qxa5 35. Qb3 Nd7 36. b7 Qc7 37. Qd5 Ke7 38. c4 Qd6 39. Qb5 Nb8 40. Kc1
e4 41. Qf5 e3 42. c5 Qd2+ 43. Kb1 e2 44. Qe5+ Kd7 45. Qxg7+ Kc6 46. Qf6+ Kxc5
47. Qe7+ Kb6 48. Qe6+ Ka7 0-1

[Event "Thailand op"]
[Site "Pattaya THA"]
[Date "2011.04.16"]
[Round "8"]
[White "Myo Naing"]
[Black "Yang, Kaiqi"]
[Result "0-1"]
[WhiteElo "2317"]
[BlackElo "2399"]
[PlyCount "98"]
[EventDate "2011.04.11"]
[EventType "swiss"]
[EventRounds "9"]
[EventCountry "THA"]
[Source "ChessBase"]
[SourceDate "2011.05.03"]

1. e4 c5 2. Nf3 Nc6 3. d4 cxd4 4. Nxd4 g6 5. Nc3 Bg7 6. Be3 Nf6 7. Bc4 O-O 8.
Bb3 d6 9. h3 Na5 10. O-O b6 11. Re1 Bb7 12. Bg5 Rc8 13. Qd3 Rc5 14. f4 Qa8 15.
Bxf6 Bxf6 16. Nd5 Bxd5 17. Bxd5 Qc8 18. c3 e6 19. Bb3 Nc4 20. Bxc4 Rxc4 21. Nf3
d5 22. Nd2 Rc5 23. e5 Be7 24. Kh1 b5 25. a3 Qb7 26. Rf1 Rc7 27. Nb3 Qc6 28. Nd4
Qc4 29. Qg3 Kh8 30. Rac1 a5 31. Qe3 Rfc8 32. Qd2 a4 33. Rce1 Bc5 34. Nf3 Bb6
35. f5 exf5 36. Qh6 Bc5 37. Ng5 f6 38. Ne6 fxe5 39. Rxf5 gxf5 40. Qf6+ Kg8 41.
Nxc7 Rxc7 42. Qxf5 Qf4 43. Qe6+ Rf7 44. Qxd5 Be3 45. Qd3 Bf2 46. Rd1 e4 47.
Qxb5 Bg3 48. Qe2 e3 49. c4 Qe4 0-1

[Event "Thailand op"]
[Site "Pattaya THA"]
[Date "2011.04.17"]
[Round "9"]
[White "Yang, Kaiqi"]
[Black "Illner, Achim"]
[Result "1-0"]
[WhiteElo "2399"]
[BlackElo "2353"]
[PlyCount "45"]
[EventDate "2011.04.11"]
[EventType "swiss"]
[EventRounds "9"]
[EventCountry "THA"]
[Source "ChessBase"]
[SourceDate "2011.05.03"]

1. e4 e5 2. Nf3 Nf6 3. Nxe5 d6 4. Nf3 Nxe4 5. d4 d5 6. Bd3 Nc6 7. O-O Be7 8.
Nc3 Nxc3 9. bxc3 Bg4 10. h3 Bh5 11. Rb1 Rb8 12. Bf5 O-O 13. Qd3 Bg6 14. Re1 Qd6
15. h4 Bxf5 16. Qxf5 g6 17. Qf4 Nd8 18. Qxd6 Bxd6 19. Bh6 Nc6 20. Bxf8 Kxf8 21.
Rb5 a6 22. Rxd5 b6 23. Ne5 1-0

[Event "zt 3.5"]
[Site "Tianjin CHN"]
[Date "2011.03.21"]
[Round "2"]
[White "Yang, Kaiqi"]
[Black "Li Chao2"]
[Result "0-1"]
[WhiteElo "2399"]
[BlackElo "2646"]
[PlyCount "204"]
[EventDate "2011.03.20"]
[EventType "swiss"]
[EventRounds "9"]
[EventCountry "CHN"]
[Source "Mark Crowther"]
[SourceDate "2011.03.21"]

1. d4 d5 2. c4 c6 3. Nf3 Nf6 4. Nc3 dxc4 5. a4 Bf5 6. e3 e6 7. Bxc4 Bb4 8. O-O
Nbd7 9. Qe2 Bg6 10. e4 Bxc3 11. bxc3 Nxe4 12. Ba3 Qc7 13. Qb2 c5 14. dxc5 a6
15. c6 Qxc6 16. Rfd1 Nec5 17. Nd4 Qc8 18. Nb3 O-O 19. Nxc5 Nxc5 20. Bf1 Re8 21.
Bxc5 Qxc5 22. Qxb7 Qxc3 23. Bxa6 Bc2 24. Rdc1 Reb8 25. Qf3 Qxf3 26. gxf3 Rxa6
27. Rxc2 g6 28. a5 Rb5 29. Rca2 Kf8 30. Ra4 Ke7 31. Kg2 Kd6 32. R1a2 Kc6 33.
Rc4+ Rc5 34. Rxc5+ Kxc5 35. Rc2+ Kd6 36. Ra2 Kc6 37. Kg3 Ra7 38. h4 Kb5 39.
Rb2+ Kxa5 40. Rb8 Rd7 41. Rh8 h5 42. Rb8 Rd5 43. Rb7 Rf5 44. Rb8 Ka6 45. Rb2
Rb5 46. Rd2 Kb6 47. Rd7 Rf5 48. Rd8 Kc7 49. Rd4 Rd5 50. Rf4 Rd7 51. Ra4 Kd6 52.
Ra6+ Ke5 53. Ra5+ Kf6 54. Rb5 Rd3 55. Ra5 e5 56. Ra4 Kf5 57. Rb4 f6 58. Ra4 Rd1
59. Rb4 g5 60. hxg5 Rg1+ 61. Kh2 Rxg5 62. Ra4 Rg8 63. Kh3 Rd8 64. Kg3 Rd4 65.
Ra6 Kg5 66. Re6 Rd3 67. Kg2 Kf5 68. Ra6 Kg5 69. Re6 Rd8 70. Ra6 f5 71. Ra4 Rg8
72. Kg3 Kf6+ 73. Kh3 Kg5 74. f4+ exf4 75. f3 Rd8 76. Ra7 Rd3 77. Rg7+ Kf6 78.
Rh7 Rxf3+ 79. Kg2 Rg3+ 80. Kf2 Kg5 81. Rg7+ Kh6 82. Rf7 Kg6 83. Rf8 Rg5 84. Kf3
Kg7 85. Ra8 h4 86. Kxf4 Rh5 87. Ra7+ Kf6 88. Ra6+ Ke7 89. Ra2 Ke6 90. Rh2 h3
91. Kg3 Kf6 92. Kf2 f4 93. Kg1 f3 94. Ra2 Rf5 95. Rh2 Rh5 96. Ra2 Rg5+ 97. Kh1
Rf5 98. Kg1 Kg5 99. Rb2 Kg4 100. Ra2 Re5 101. Ra1 Kg3 102. Rf1 Re1 0-1

[Event "Chennai op"]
[Site "Chennai IND"]
[Date "2011.01.19"]
[Round "2.1"]
[White "Yang, Kaiqi"]
[Black "Matta, Vinay Kumar"]
[Result "1-0"]
[WhiteElo "2391"]
[BlackElo "2306"]
[PlyCount "71"]
[EventDate "2011.01.18"]
[EventType "swiss"]
[EventRounds "11"]
[EventCountry "IND"]

1. Nf3 Nf6 2. c4 g6 3. Nc3 Bg7 4. e4 d6 5. d4 O-O 6. h3 e5 7. d5 Nh5 8. Nh2 Qe8
9. Be2 Nf4 10. Bf3 f5 11. g3 Nxh3 12. Bg2 Qf7 13. Nf3 fxe4 14. Nxe4 Bg4 15.
Rxh3 Bxf3 16. Qxf3 Qxf3 17. Bxf3 Rxf3 18. Ke2 Rf8 19. Bh6 Nd7 20. Rah1 Rf7 21.
Ng5 Re7 22. Bxg7 Rxg7 23. Nxh7 Kf7 24. Ng5+ Kf6 25. Ne6 Re7 26. g4 e4 27. f4
Nc5 28. Nd4 Rf7 29. Ke3 a5 30. Rh6 Nd3 31. b3 Ke7 32. Rh7 g5 33. Nf5+ Ke8 34.
Rh8+ Kd7 35. Rxa8 gxf4+ 36. Kd4 1-0

[Event "Chennai op"]
[Site "Chennai IND"]
[Date "2011.01.21"]
[Round "5.1"]
[White "Pranav, Shetty"]
[Black "Yang, Kaiqi"]
[Result "0-1"]
[WhiteElo "2163"]
[BlackElo "2391"]
[PlyCount "82"]
[EventDate "2011.01.18"]
[EventType "swiss"]
[EventRounds "11"]
[EventCountry "IND"]

1. e4 c5 2. Nf3 d6 3. d4 cxd4 4. Nxd4 Nf6 5. Nc3 a6 6. Be3 e5 7. Nf3 Be7 8. Bc4
O-O 9. O-O Be6 10. Bxe6 fxe6 11. Na4 Ng4 12. Qd3 b5 13. Nb6 Ra7 14. Nd5 Rd7 15.
h3 Nxe3 16. Nxe3 Qe8 17. a4 Qg6 18. Kh2 b4 19. Nc4 Qh6 20. Rad1 Rdd8 21. Qe3
Qxe3 22. fxe3 Rc8 23. b3 Nd7 24. Kg1 Rc6 25. Ne1 Rxf1+ 26. Kxf1 Nf6 27. Nd3
Nxe4 28. Nxb4 Rc8 29. Nd3 Bg5 30. Re1 Bh4 31. Rc1 Ng3+ 32. Ke1 e4 33. Nf4 d5
34. Nd6 Nf5+ 35. Ke2 Nxd6 36. Nxe6 Bf6 37. Nf4 Bb2 38. Rb1 Be5 39. Kd2 Bxf4 40.
exf4 d4 41. g4 Rc3 0-1

[Event "Chennai op"]
[Site "Chennai IND"]
[Date "2011.01.21"]
[Round "6.1"]
[White "Yang, Kaiqi"]
[Black "Stefansson, Hannes"]
[Result "1/2-1/2"]
[WhiteElo "2391"]
[BlackElo "2580"]
[PlyCount "79"]
[EventDate "2011.01.18"]
[EventType "swiss"]
[EventRounds "11"]
[EventCountry "IND"]

1. Nf3 Nf6 2. c4 e6 3. Nc3 d5 4. d4 c6 5. e3 Nbd7 6. Qc2 Bd6 7. Bd3 O-O 8. O-O
dxc4 9. Bxc4 a6 10. a4 c5 11. Rd1 cxd4 12. exd4 Qc7 13. Qe2 Re8 14. Bg5 b6 15.
Rac1 Bb7 16. Bd3 Qb8 17. Ne4 Be7 18. Nxf6+ Bxf6 19. Be4 Bxg5 20. Nxg5 Nf6 21.
Qf3 Bxe4 22. Nxe4 Nd5 23. Rc6 Rd8 24. Rdc1 h6 25. g3 Qb7 26. Kg2 Rab8 27. h4
Qe7 28. R6c4 Rb7 29. Rc8 Rbd7 30. Qb3 Qb4 31. Rxd8+ Rxd8 32. Qxb4 Nxb4 33. Rc4
Nd3 34. Nc3 a5 35. Rc6 Rb8 36. b3 Nb4 37. Rc7 Rd8 38. Nb5 Nd5 39. Rb7 h5 40.
Na3 1/2-1/2

[Event "Chennai op"]
[Site "Chennai IND"]
[Date "2011.01.22"]
[Round "7.1"]
[White "Praveen Kumar, C."]
[Black "Yang, Kaiqi"]
[Result "1/2-1/2"]
[WhiteElo "2362"]
[BlackElo "2391"]
[PlyCount "50"]
[EventDate "2011.01.18"]
[EventType "swiss"]
[EventRounds "11"]
[EventCountry "IND"]

1. d4 Nf6 2. Nf3 g6 3. Nc3 d6 4. e4 Bg7 5. Be3 c6 6. Qd2 Bg4 7. Be2 Nbd7 8. Bh6
Bxh6 9. Qxh6 b5 10. e5 dxe5 11. Nxe5 Bxe2 12. Nxe2 Qc7 13. Nf3 Qd6 14. O-O Ng4
15. Qg5 Ngf6 16. c4 O-O 17. Rac1 Rab8 18. b3 a5 19. Nc3 Kg7 20. Rfe1 h6 21. Qe3
bxc4 22. bxc4 e6 23. Ne5 Qc7 24. f4 Rfe8 25. Qf3 c5 1/2-1/2

[Event "Chennai op"]
[Site "Chennai IND"]
[Date "2011.01.23"]
[Round "8.1"]
[White "Yang, Kaiqi"]
[Black "Anuruddha, GC."]
[Result "1-0"]
[WhiteElo "2391"]
[BlackElo "2166"]
[PlyCount "61"]
[EventDate "2011.01.18"]
[EventType "swiss"]
[EventRounds "11"]
[EventCountry "IND"]

1. Nf3 Nf6 2. c4 e6 3. Nc3 b6 4. e4 Bb7 5. e5 Ne4 6. Nxe4 Bxe4 7. Be2 Be7 8.
O-O O-O 9. Qb3 d6 10. Qe3 Bb7 11. d4 d5 12. b3 Na6 13. Rd1 Qc8 14. Bb2 Rd8 15.
Rac1 dxc4 16. bxc4 c5 17. Qf4 cxd4 18. Nxd4 Nc5 19. Nb5 Qc6 20. Bf3 Qc8 21. Nd6
Bxd6 22. exd6 Rd7 23. Bxg7 Kxg7 24. Qg5+ Kf8 25. Qf6 Kg8 26. Rd4 Ne4 27. Bxe4
Bxe4 28. Rxe4 Rxd6 29. Qh6 f5 30. Re3 Qd7 31. Rg3+ 1-0

[Event "Chennai op"]
[Site "Chennai IND"]
[Date "2011.01.25"]
[Round "10.1"]
[White "Ramnathan, Balasubramaniam"]
[Black "Yang, Kaiqi"]
[Result "0-1"]
[WhiteElo "2262"]
[BlackElo "2391"]
[PlyCount "124"]
[EventDate "2011.01.18"]
[EventType "swiss"]
[EventRounds "11"]
[EventCountry "IND"]

1. d4 Nf6 2. c4 g6 3. Nf3 Bg7 4. g3 O-O 5. Bg2 c5 6. O-O cxd4 7. Nxd4 Nc6 8.
Nc3 Nxd4 9. Qxd4 d6 10. Qh4 Be6 11. Nd5 Rc8 12. Bd2 b5 13. Rac1 bxc4 14. e4 Re8
15. Rfe1 Nd7 16. Nf4 Nc5 17. Nxe6 Nxe6 18. Bc3 Qb6 19. Bh3 Nd4 20. Bxd4 Bxd4
21. Rc2 Rc7 22. Bf1 Rec8 23. Ree2 Bf6 24. Qf4 Kg7 25. Qc1 Qa5 26. Re3 Bg5 27.
f4 Bf6 28. Kg2 Bd4 29. Ra3 Qb4 30. Rf3 Qb7 31. Re2 Rb8 32. f5 Bxb2 33. Qe3 Qb6
34. Qf4 Be5 35. Qg4 Qd4 36. fxg6 hxg6 37. Rc2 Rb2 38. Rxb2 Qxb2+ 39. Rf2 Qd4
40. Qf3 e6 41. h4 c3 42. Bd3 Qc5 43. Bc2 Bd4 44. Rf1 Qe5 45. Rb1 Bb6 46. Rh1
Qf6 47. Qe2 Qd4 48. Rd1 Qe5 49. Qd3 Bc5 50. Qf3 Qf6 51. Qe2 Rb7 52. Bb3 Qe5 53.
Rf1 d5 54. Rf4 f5 55. Qa6 Re7 56. Qb5 dxe4 57. Rf1 e3 58. h5 a6 59. Qe2 Qe4+
60. Kh3 Rd7 61. hxg6 Rd2 62. Qh5 Qg2+ 0-1

[Event "Chennai op"]
[Site "Chennai IND"]
[Date "2011.01.26"]
[Round "11.1"]
[White "Phoobalan, P."]
[Black "Yang, Kaiqi"]
[Result "0-1"]
[WhiteElo "2257"]
[BlackElo "2391"]
[PlyCount "112"]
[EventDate "2011.01.18"]
[EventType "swiss"]
[EventRounds "11"]
[EventCountry "IND"]

1. d4 Nf6 2. Nf3 g6 3. Nc3 d5 4. Bf4 Bg7 5. Qd2 Ne4 6. Nxe4 dxe4 7. Ne5 Be6 8.
e3 Nd7 9. Nxd7 Qxd7 10. c4 c6 11. h3 O-O 12. Qc2 f5 13. Be2 h6 14. h4 Bf7 15.
O-O-O b5 16. Kb1 Qe6 17. g4 fxg4 18. d5 cxd5 19. cxd5 Qf5 20. Bxb5 Rad8 21. Bc6
Rc8 22. Qa4 Rfd8 23. Bb7 Rc5 24. Qb4 Rdxd5 25. Bxd5 Bxd5 26. Rc1 Rb5 27. Qd2
Qe6 28. Rc3 Bxa2+ 29. Kc1 Bb3 30. Qd8+ Kh7 31. Qc8 Bxc3 32. Qxe6 Bxb2+ 33. Kxb2
Bxe6+ 34. Kc3 a5 35. Ra1 g5 36. hxg5 hxg5 37. Bg3 Kg6 38. Kc2 a4 39. Rb1 Bb3+
40. Kb2 Rd5 41. Ka3 Rd3 42. Rc1 Bd1+ 43. Kb2 Rd2+ 44. Ka3 Bc2 45. Kb4 Re2 46.
Kc3 Bd3 47. Kb4 Bc2 48. Kc3 Bb3 49. Kd4 Kf6 50. Rc6+ e6 51. Ra6 Bd1 52. Ra5
Rd2+ 53. Kc3 Rd3+ 54. Kb2 Ke7 55. Ra7+ Kd8 56. Ra6 Rd2+ 0-1

[Event "Parsvnath op"]
[Site "New Delhi IND"]
[Date "2011.01.08"]
[Round "1.35"]
[White "Yang, Kaiqi"]
[Black "Jaiswal, Puneet"]
[Result "1/2-1/2"]
[WhiteElo "2391"]
[BlackElo "2266"]
[PlyCount "64"]
[EventDate "2011.01.08"]
[EventType "swiss"]
[EventRounds "11"]
[EventCountry "IND"]
[Source "Mark Crowther"]
[SourceDate "2011.01.17"]

1. Nf3 Nf6 2. c4 c6 3. Nc3 d5 4. e3 Nbd7 5. d4 e6 6. Qc2 Bd6 7. Bd3 O-O 8. O-O
Qe7 9. h3 dxc4 10. Bxc4 b5 11. Be2 Bb7 12. b3 b4 13. Ne4 Nxe4 14. Qxe4 Nf6 15.
Qh4 c5 16. Bb2 Ne4 17. Qxe7 Bxe7 18. dxc5 Nxc5 19. Ne5 a5 20. Bd4 f6 21. Nc4 e5
22. Bxc5 Bxc5 23. Rac1 Ba6 24. Rfd1 Rac8 25. Kf1 Bxc4 26. Bxc4+ Kh8 27. Ba6 Rc6
28. Bb5 Rd6 29. Rxd6 Bxd6 30. Rc6 Rd8 31. Ke2 e4 32. Bc4 Be5 1/2-1/2

[Event "Parsvnath op"]
[Site "New Delhi IND"]
[Date "2011.01.08"]
[Round "2.25"]
[White "Phadke, So1"]
[Black "Yang, Kaiqi"]
[Result "1-0"]
[WhiteElo "2245"]
[BlackElo "2391"]
[PlyCount "39"]
[EventDate "2011.01.08"]
[EventType "swiss"]
[EventRounds "11"]
[EventCountry "IND"]
[Source "Mark Crowther"]
[SourceDate "2011.01.17"]

1. e4 c6 2. d4 d5 3. exd5 cxd5 4. c4 Nf6 5. Nc3 Nc6 6. Bg5 dxc4 7. d5 Ne5 8.
Qd4 Nd3+ 9. Bxd3 cxd3 10. Nf3 e6 11. Bxf6 Qxf6 12. Qxd3 a6 13. d6 Bd7 14. O-O
Rd8 15. Ne4 Qf4 16. Rfe1 Bc6 17. Rad1 h5 18. Qd4 Bxe4 19. d7+ Ke7 20. Rxe4 1-0

[Event "Parsvnath op"]
[Site "New Delhi IND"]
[Date "2011.01.14"]
[Round "9"]
[White "Yang, Kaiqi"]
[Black "Stefansson, Hannes"]
[Result "0-1"]
[WhiteElo "2391"]
[BlackElo "2580"]
[PlyCount "148"]
[EventDate "2011.01.08"]
[EventType "swiss"]
[EventRounds "11"]
[EventCountry "IND"]
[Source "Mark Crowther"]
[SourceDate "2011.01.17"]

1. c4 Nf6 2. Nc3 e5 3. Nf3 Nc6 4. g3 Bb4 5. Bg2 O-O 6. O-O e4 7. Ng5 Bxc3 8.
bxc3 Re8 9. f3 e3 10. d3 d5 11. Qb3 Na5 12. Qa3 c6 13. cxd5 cxd5 14. f4 Nc6 15.
Nf3 b6 16. Qa4 Bd7 17. Nd4 Rc8 18. Nxc6 Rxc6 19. Qd4 Qc8 20. Bb2 Bh3 21. Rf3
Bg4 22. Rxe3 Rxe3 23. Qxe3 Re6 24. Qd4 Rxe2 25. c4 dxc4 26. dxc4 h5 27. Bc3 Rc2
28. a4 h4 29. Re1 h3 30. Be4 Ra2 31. Bd5 Be6 32. Re5 Bxd5 33. Rxd5 Qe6 34. Re5
Qc6 35. Qd8+ Kh7 36. Qd3+ g6 37. Re2 Rxe2 38. Qxe2 Ng4 39. Bd4 Qd7 40. Bc3 Qf5
41. Be1 Qc5+ 42. Kh1 Qc6+ 43. Kg1 Ne3 44. g4 Qe6 45. f5 Qe4 46. fxg6+ Kxg6 47.
Bg3 Qd4 48. Bf2 Qa1+ 49. Be1 Qd4 50. Bf2 Qxg4+ 51. Qxg4+ Nxg4 52. Bg3 Ne3 53.
c5 bxc5 54. Bf2 Ng4 55. Bxc5 a6 56. Bd6 Kf5 57. Kf1 Ke4 58. Ke2 f5 59. Kf1 Kf3
60. a5 Ne3+ 61. Kg1 Ke2 62. Bf4 Nc4 63. Bc7 Nd2 64. Bb8 Nf3+ 65. Kh1 Kf1 66.
Bc7 Ne1 67. Bb6 Nd3 68. Bd4 f4 69. Be3 f3 70. Bc5 f2 71. Bb6 Ke2 72. Bxf2 Nxf2+
73. Kg1 Ne4 74. Kh1 Nd2 0-1